000 00306nam a22001337a 4500
008 171019b xxu||||| |||| 00| 0 eng d
020 _a9780072832549
041 _aeng
080 _210TH
_a338
100 _a53
101 _aMEN
245 _aMANAGEMENT SKILLS AND APPLICATION
_cRUE,L.W
942 _2udc
_cBK
999 _c34932
_d34932